| 000 | 00558pam a2200181 a 4500 | ||
|---|---|---|---|
| 020 | _a0830692800 : | ||
| 020 | _a0830632808 (pbk.) : | ||
| 040 | _cDLC | ||
| 082 | 0 | 0 | _a005 TAB 1992 A004 Or. |
| 100 | 1 | _aCobb, Stephen, | |
| 245 | 1 | 4 | _aThe Stephen Cobb complete book of PC and LAN security / |
| 250 | _a1st ed. | ||
| 260 |
_aBlue Ridge Summit, PA : _bWindcrest : _bTAB, Software Dept. [distributor], _cc1992. |
||
| 300 |
_axvi, 556 p. : _bill. ; _c25 cm. |
||
| 650 | 0 | _aLocal area networks (Computer networks) | |
| 650 | 0 | _aComputer security. | |
| 942 | _cEK | ||
| 999 |
_c16476 _d16476 |
||